Nové riešenia pre sociálnu politiku

Informácia o konaní, zámeroch a cieľoch medzinárodnej vedeckej konferencie, ktorá sa konala 14.-15. mája 2015 pod názvom Nové výzvy pre sociálnu politiku a globálny trh práce 2015.

Salvato in:
Dettagli Bibliografici
Autore principale: Antalová, Mária, 1952-
Natura: Capitolo di libro
Lingua:slovacco
Soggetti:
Tags: Aggiungi Tag
Nessun Tag, puoi essere il primo ad aggiungerne!!

MARC

LEADER 00000naa a2200000 4500
001 0207853
005 20240502073446.2
041 0 |a slo 
044 |a SK 
245 1 0 |a Nové riešenia pre sociálnu politiku  |c Mária Antalová 
520 |a Informácia o konaní, zámeroch a cieľoch medzinárodnej vedeckej konferencie, ktorá sa konala 14.-15. mája 2015 pod názvom Nové výzvy pre sociálnu politiku a globálny trh práce 2015. 
610 2 0 |a konferencie 
610 2 0 |a univerzity 
610 2 0 |a politika sociálna 
610 2 0 |a trh práce 
610 2 0 |a rozvoj sociálno-ekonomický 
100 1 |a Antalová, Mária, 1952-